书目信息 |
| 题名: |
论马克思恩格斯及马克思主义
|
|
| 作者: | 列宁 著 ;中共中央马恩列斯著作编译局 编译 | |
| 分册: | ||
| 出版信息: | 北京 人民出版社 1949.12 |
|
| 页数: | 508页 | |
| 开本: | 21cm | |
| 丛书名: | ||
| 单 册: | ||
| 中图分类: | A226 | |
| 科图分类: | ||
| 主题词: | 列宁著作--单行本--1918~1920年 | |
| 电子资源: | ||
| ISBN: | ||
| 000 | 00761nam0 2200205 45 | |
| 001 | 0311281057 | |
| 005 | 20070922165334.15 | |
| 010 | @dCNY0.88 | |
| 091 | @a1001.14 | |
| 100 | @a20031128d1949 km y0chiy0120 ea | |
| 101 | 0 | @achi@crus |
| 200 | 1 | @a论马克思恩格斯及马克思主义@ALun Ma Ke Si En Ge Si Ji Ma Ke Si Zhu Yi@f列宁著@Flie ning zhu@g中共中央马恩列斯著作编译局编译@Gzhong gong zhong yang ma en lie si zhu zuo bian yi ju bian yi |
| 210 | @a北京@c人民出版社@d1949.12 | |
| 215 | @a508页@d21cm | |
| 606 | 0 | @a列宁著作@x单行本@z1918~1920年 |
| 690 | @aA226@v3 | |
| 701 | 0 | @a列宁@Alie ning@4著 |
| 712 | 0 | @a中共中央马恩列斯著作编译局@Azhong gong zhong yang ma en lie si zhu zuo bian yi ju@4编译 |
| 801 | @aCN@bTSTC@c20070922 | |
| 905 | @dA226@e6:1411@b65576@f1 | |
| 论马克思恩格斯及马克思主义/列宁著/中共中央马恩列斯著作编译局编译.-北京:人民出版社,1949.12 |
| 508页;21cm |
| ISBN :CNY0.88 |
| ● |
| 相关链接 |
|
|
|
|
正题名:论马克思恩格斯及马克思主义
索取号:A226/6:1411
 
预约/预借
| 序号 | 登录号 | 条形码 | 馆藏地/架位号 | 状态 | 备注 |
| 1 | 0065571 | 001601957 | 密集书库/ [索取号:A226/6:1411] | 在馆 | |
| 2 | 0065575 | 001601966 | 密集书库/ [索取号:A226/6:1411] | 在馆 | |
| 3 | 0065576 | 001969944 | 第一借阅区/ [索取号:A226/6:1411] | 在馆 | |
| 4 | 0065579 | 202262639 | 密集书库/ [索取号:A226/6:1411] | 在馆 | |
| 5 | 0439990 | 204399908 | 密集书库/ [索取号:A226/6:1411] | 在馆 | |
| 6 | 626069 | 206260696 | 密集书库/ [索取号:A226/6:1411] | 在馆 |